| 000 | 01514nam a2200229Ia 4500 | ||
|---|---|---|---|
| 003 | OSt | ||
| 005 | 20241218121959.0 | ||
| 008 | 200812s9999 xx 000 0 und d | ||
| 020 | _a9789889931872 | ||
| 040 | _c0 | ||
| 041 | _achi | ||
| 050 |
_aBR1285 _b.Y83 2008 |
||
| 100 | _a余杰 | ||
| 245 |
_a白晝將近: _b基督信仰在中國 / _c余杰 |
||
| 246 |
_a白昼将近 : _b基督信仰在中国 |
||
| 260 |
_a香港: _b晨鐘書局 _c2008 |
||
| 300 |
_axxi, 333 p. _b; _c23 cm. |
||
| 505 | _a青年作家余杰的一部文集《白晝將近:基督信仰在中國》。這是作者自2003年受洗成為基督徒以來完成的第一部以基督教信仰為中心的著作。全書分上、中、下三卷。作者敍述了近代基督教在中國傳播的歷史,分析了當今中國教會的現狀以及基督徒們改造文化的努力。 余杰被讀者看作中國人陸最敢於說真話的作家之一,以及最關注言論自由、公民權益和宗教信仰自由的公共知識份子之一。余杰在文學創作、政治評論和人文學術研究方面都有纍纍碩果。迄今為止,已出版作品近二十部、發表學術論文數十篇。近年來,余杰寫作的主題主要集中於近代思想史和學術史、基督信仰與文化使命、知識份子的精神變遷、現行教育制度的弊端、美國的憲政制度、俄羅斯的文學傳統以及中日關係等方面。 | ||
| 650 | _aChristian life. | ||
| 650 | _aChristianity -- China. | ||
| 942 |
_2ddc _cCB |
||
| 999 |
_c2731 _d2731 |
||